Giới thiệu thực vật trong lịch sử trái đất

Bewaard in:
Bibliografische gegevens
Hoofdauteur: Trịnh Dánh
Formaat: Boek
Taal:Undetermined
Gepubliceerd in: Hà Nội KHKT 1983
Onderwerpen:
Tags: Voeg label toe
Geen labels, Wees de eerste die dit record labelt!
Thư viện lưu trữ: Trung tâm Học liệu Trường Đại học Cần Thơ
LEADER 00500nam a2200181Ia 4500
001 CTU_8679
008 210402s9999 xx 000 0 und d
082 |a 581.09 
082 |b D107 
100 |a Trịnh Dánh 
245 0 |a Giới thiệu thực vật trong lịch sử trái đất 
245 0 |c Trịnh Dánh 
260 |a Hà Nội 
260 |b KHKT 
260 |c 1983 
650 |a botany 
904 |i Minh, 960918 
980 |a Trung tâm Học liệu Trường Đại học Cần Thơ